000 00309nam a22001337a 4500
020 _a817826319-X
082 _a823
_bROH/B
100 _aROHAN BOOK COMPANY
245 _aBEAUTY AND THE BEAST
260 _aDELHI
_bROHAN BOOK COMPANY
_c2003
300 _a218
650 _aMODERN ILLUSTRATED CLASSICS
942 _cBK
999 _c378
_d378